000
00309nam a2200133Ia 4500
005
20251222144859.0
008
251222s9999||||xx |||||||||||||| ||spa||
020
_a
84-7888-337-1
082
_a
869.261/B74T
100
_a
Borges, Jorge Luis
245
0
_a
Textos Recobrados:
264
_b
Emecé
942
_c
LIB
999
_c
21895
_d
21895